| 000 | 00433nam a2200133Ia 4500 | ||
|---|---|---|---|
| 008 | 150223s9999 xx 000 0 und d | ||
| 020 | _a9789746522151 | ||
| 050 |
_aZ 678.8 _b.L253 2008 |
||
| 100 | _aLandau, Herbert B. | ||
| 245 | 4 |
_aThe small public library survival guide : _bthriving on less / _cHerbert B. Landau |
|
| 260 |
_aChicago : _biGroup Press Co., Ltd., _c2008 |
||
| 300 |
_a159 pages : _c23 cm. |
||
| 504 | _aIncludes Index. | ||
| 999 |
_c283249 _d283249 |
||